000 00873nas a2200277 4500
001 BR0405106
003 BR-BrBNA
005 20231205104919.0
007 ta
008 230509b bl.|||p| |||| 00| 00por d
040 _aBR-BrBNA
_bpor
_cBiblioteca Nacional de Agricultura
041 _a(Pt)
072 _aC10; E80
100 1 _aGoicochea, A.R. de
100 1 _aCarmo, D.L. do
100 1 _aTeixeira, K.R.
245 1 _aIdentidade profissional e realidade de trabalho da economista doméstica no mercado de Viçosa, MG
650 _aECONOMIA DOMÉSTICA
650 _aTRABALHO
650 _aCURSO
650 _aUNIVERSIDADE FEDERAL
650 _aMINAS GERAIS
773 0 _tOIKOS - Revista Brasileira de Economia Doméstica (Brazil)
_xISSN 0101-5273
_g(1999), v. 12(1) p. 97-111
_wBR0405106
909 _a202311
_bLúcia
_c55
_dLúcia Elande
942 _2AGRIS
_n0
_cANA
999 _c180275
_d180275